[Event "Croatia GCT 2019"]
[Site "Zagreb CRO"]
[Date "2019.06.29"]
[Round "4.3"]
[White "So,W"]
[Black "Anand,V"]
[Result "1/2-1/2"]
[WhiteElo "2754"]
[BlackElo "2767"]

1.c4 e5 2.g3 Nf6 3.Bg2 c6 4.d4 e4 5.Bg5 d5 6.Bxf6 Qxf6 7.Nc3 Bb4 8.e3 O-O
9.Ne2 Be6 10.O-O Qe7 11.Nf4 Bxc3 12.bxc3 Nd7 13.Qb3 Nb6 14.cxd5 cxd5 15.Rfb1 g5
16.Nxe6 fxe6 17.a4 Rab8 18.Ra2 Qc7 19.Bf1 Rfc8 20.Qb4 Nc4 21.Bxc4 Qxc4 22.Qe7 Qxa2
23.Qxe6+ Kg7 24.Qe7+ Kg6 25.Qe6+ Kg7 26.Qe7+ Kg6 27.Qe6+  1/2-1/2